Daim : (Record no. 4129)

000 -LEADER
fixed length control field nam a22 a 4500
003 - CONTROL NUMBER IDENTIFIER
control field AKMAL
005 - DATE AND TIME OF LATEST TRANSACTION
control field 20170525112952.0
008 - FIXED-LENGTH DATA ELEMENTS--GENERAL INFORMATION
fixed length control field 170525s1995 my 00 eng d
020 ## - INTERNATIONAL STANDARD BOOK NUMBER
International Standard Book Number 9679785211:
Terms of availability RM 49.00
040 ## - CATALOGING SOURCE
Original cataloging agency AKMAL
Transcribing agency AKMAL
082 04 - DEWEY DECIMAL CLASSIFICATION NUMBER
Classification number 923.2595 CHE
090 ## - LOCALLY ASSIGNED LC-TYPE CALL NUMBER (OCLC); LOCAL CALL NUMBER (RLIN)
Classification number (OCLC) (R) ; Classification number, CALL (RLIN) (NR) 923.2595
Local cutter number (OCLC) ; Book number/undivided call number, CALL (RLIN) CHE
245 10 - TITLE STATEMENT
Title Daim :
Remainder of title the man behind the enigma /
Statement of responsibility, etc. Cheong Mei Sui, Adibah Amin
260 ## - PUBLICATION, DISTRIBUTION, ETC.
Place of publication, distribution, etc. Petaling Jaya,
Date of publication, distribution, etc. Pelanduk Publications,
-- 1995
300 ## - PHYSICAL DESCRIPTION
Extent 202p. :
Other physical details col. ill. ;
Dimensions 23cm
500 ## - GENERAL NOTE
General note Includes index
600 #0 - SUBJECT ADDED ENTRY--PERSONAL NAME
Personal name Daim Zainuddin, Tun,
Dates associated with a name 1938-
9 (RLIN) 8102
650 ## - SUBJECT ADDED ENTRY--TOPICAL TERM
Topical term or geographic name entry element Politicians
Geographic subdivision Malaysia
Form subdivision Biography
9 (RLIN) 215
650 ## - SUBJECT ADDED ENTRY--TOPICAL TERM
Topical term or geographic name entry element Cabinet officers
Geographic subdivision Malaysia
9 (RLIN) 3168
650 ## - SUBJECT ADDED ENTRY--TOPICAL TERM
Topical term or geographic name entry element Businessmen
Geographic subdivision Malaysia
General subdivision Political activity
9 (RLIN) 8103
651 ## - SUBJECT ADDED ENTRY--GEOGRAPHIC NAME
Geographic name Malaysia
General subdivision Politics and government
Chronological subdivision 1981-
9 (RLIN) 10
700 0# - ADDED ENTRY--PERSONAL NAME
Personal name Adibah Amin,
Dates associated with a name 1936-
9 (RLIN) 1349
942 ## - ADDED ENTRY ELEMENTS (KOHA)
Source of classification or shelving scheme
Koha item type Book
Holdings
Withdrawn status Lost status Source of classification or shelving scheme Damaged status Not for loan Collection code Home library Current library Shelving location Date acquired Inventory number Total Checkouts Full call number Barcode Date last seen Price effective from Koha item type
          NON-FICTION AKMAL Melaka AKMAL Melaka PINJAMAN 25.05.2017 00373   923.2595 CHE 201705317 25.05.2017 25.05.2017 Book
Pusat Sumber Maklumat Dato' Haji Sarmin Md Hussin, Akademi Kastam Diraja Malaysia, Melaka
Tel: 06-2331106 | Faks: 06-2313787